| 000 | 00689nam a2200193 i 4500 | ||
|---|---|---|---|
| 001 | 90619 | ||
| 003 | ES-MaACL | ||
| 005 | 20230906180517.0 | ||
| 007 | t| | ||
| 008 | 050121s1906 fr ||||1| fre d | ||
| 100 | 1 |
_aLehr, Ernest. _971355 |
|
| 245 | 1 | 0 |
_aElements de Droit Civil Scandinave _b: (Danemark, Norvège, Suède) / _cpar Ernest Lehr ; avec la collaboration de M.H. Munch-Petersen, M. Kristen Johanssen, M. Elsa Eschelsson. |
| 260 |
_aParis : _b[s.n.], _c1906 ( _eLausanne : _fJames Regney) |
||
| 300 |
_aXV, 416 p. ; _c23 cm. |
||
| 700 | 1 |
_aMunch-Petersen, H. _984177 |
|
| 700 | 1 |
_aJohanssen, Kristen. _966724 |
|
| 700 | 1 |
_aEschelsson, Elsa. _947535 |
|
| 852 |
_aES-MaACL _jF-1449 |
||
| 999 |
_c90619 _d90619 |
||